| 000 | 00336nam a2200133Ia 4500 | ||
|---|---|---|---|
| 005 | 20251222154416.0 | ||
| 008 | 251222s9999||||xx |||||||||||||| ||spa|| | ||
| 020 | _a978-968-18-6963-2 | ||
| 082 | _a624.151/C88 | ||
| 100 | _a"Crespo Villalaz, Carlos" | ||
| 245 | 0 | _aMecánica de suelos y cimentaciones | |
| 250 | _a6a.ed. | ||
| 942 | _cLIB | ||
| 999 |
_c35840 _d35840 |
||